| 000 | 00314nam a22001097a 4500 | ||
|---|---|---|---|
| 008 | 170118b xxu||||| |||| 00| 0 eng d | ||
| 020 | _a9780833087713 | ||
| 041 | _aeng | ||
| 080 | _a618.2 | ||
| 245 |
_aDEVELOPING A RESEARCH STRATEGY FOR SUICIDE PREVENTION IN THE DEPARTMENT OF DEFENSE _cRAMCHAND, R |
||
| 942 |
_2udc _cBK |
||
| 999 |
_c3058 _d3058 |
||